UBT Library

SOCIAL SYSTEMS AND THE EVOLUTION OF ACTION THEORY (Record no. 43481)

000 -LEADER
fixed length control field 00297nam a22001217a 4500
008 - FIXED-LENGTH DATA ELEMENTS--GENERAL INFORMATION
fixed length control field 180226b xxu||||| |||| 00| 0 eng d
041 ## - LANGUAGE CODE
Language code of text/sound track or separate title eng
080 ## - UNIVERSAL DECIMAL CLASSIFICATION NUMBER
Universal Decimal Classification number 316
100 ## - Rafti
Rafti 49
101 ## - Shkurtesa
Shkurtesa SOC
245 ## - TITLE STATEMENT
Title SOCIAL SYSTEMS AND THE EVOLUTION OF ACTION THEORY
Statement of responsibility, etc TALCOT.P
942 ## - ADDED ENTRY ELEMENTS (KOHA)
Source of classification or shelving scheme
Item type Books
Holdings
Withdrawn status Lost status Source of classification or shelving scheme Damaged status Not for loan Collection code Permanent location Current location Shelving location Date acquired Total Checkouts Full call number Barcode Date last seen Price effective from Koha item type
          Koleksioni i përgjithshem UBT - Lipjan UBT - Lipjan Koleksioni i përgjithshem 02/26/2018   316 TAL 002-2999755 02/26/2018 02/26/2018 Books
UBT Library © 2015-2024. All rights reserved University Education for Business and Technology